000 00432nam a2200193Ia 4500
005 20250603144936.0
008 250603s9999 xx 000 0 und d
020 _a9781496377883
050 _aRA 418.5.F3 .K56/
100 _aKing, Mitchell S.
245 0 _aFamily medicine
250 _a4th ed.
260 _aLondon
260 _bWolters Kluwer
260 _c2009
300 _a497 p
650 _aLondon
942 _cBK
999 _c40407
_d40407